1055 1847 1237 1443 1968 1904 1799 1674 1453 1374 1274 1961 1565 1758 1308 1701 1606 1339 1473 1798 1185 1827 1565 1269 1993 1694 1315 1461 1673 1751 1559 1345 1999 1008 1467 1913 1507 1637 1240 1089 1551 1501 1438 1746 1180 1092 1948 1904 1122 1418 1718 1242 1070 1297 1787 1545 1170 1203 1006 1720 1446 1926 1250 1340 1742 1962 1089 1684 1083 1471 1368 1206 1060 1147 1358 1253 1679 1197 1009 1301 1296 1210 1467 1545 1876 1419 1030 1784 1034 1157 1799 1197 1591 1407 1933 1351 1971 1614 1456 BCNSPRNW ULIB Ver.6.0+V

เปลี่ยนเป็นภาษาไทย

Change to English
 แสดงรายละเอียดบรรณานุกรม
  กลับหน้าหลัก

Brief Record : Get Marc (ISO 2709) : E-mail record : QR code < ปิดหน้าต่าง
LEADER : 00000nam 2200000uu 4500
001    13399126910
003     ULIB
008    190902s2562||||th 000 0 tha d
020    ^a9786164073944
060  4 ^aWK140^bป135ร ล.1
100 0  ^aปฏิณัฐ บูรณะทรัพย์ขจร
245 00 ^aโรคต่อมไร้ท่อและเมตะบอลิสม เล่ม 1 /^bบรรณาธิการ, ปฏิณัฐ บูรณะทรัพย์ขจร [และคนอื่นๆ..]
250    ^aพิมพ์ครั้งที่ 3
260    ^aกรุงเทพฯ :^bเท็กซ์ แอนด์ เจอร์นัล พับลิเคชั่น,^c2562.
300    ^a804 หน้า :^bภาพประกอบ;^c27 ซม.
650  7 ^aต่อมไร้ท่อ^xโรค
700 0  ^aลลิตา วัฒนะจรรยา,^eบรรณาธิการ
700 0  ^aพัชญา บุญชยาอนันต์,^eบรรณาธิการ
700 0  ^aวีรพันธุ์ โขวิฑูรกิจ,^eบรรณาธิการ
710 2  ^aจุฬาลงกรณ์มหาวิทยาลัย.^bภาควิชาอายุรศาสตร์
710 2  ^aจุฬาลงกรณ์มหาวิทยาลัย.^bคณะแพทยศาสตร์
945    ^p900^l0^i005788
945    ^p900^l0^i005790
945    ^p900^l0^i005789
999    ^aอังศุธร กาญจนาโรจน์พันธ์
รายการนี้ยังไม่มีแท็ก
คุณยังไม่ได้ล็อกอิน คุณสามารถมีกิจกรรมร่วมกับเว็บไซต์ได้ แต่ต้องล็อกอินก่อน ::
  ล็อกอิน

รายการสื่อสารสนเทศ

ลำดับที่ ประเภท เลขเรียก/บาร์โค้ด สถานที่ สถานะ
1. วิทยาศาสตร์การแพทย์ และสุขภาพ
หนังสือสำรอง
สถานะ=หนังสือสำรอง
WK140 ป135ร ล.1 ฉ.1 
  Barcode: 005788
ห้องสมุดวิทยาเขตสวรรค์ประชารักษ์
►หนังสือทั่วไป
บนชั้น
2. วิทยาศาสตร์การแพทย์ และสุขภาพ
วิทยาศาสตร์การแพทย์ และสุขภาพ
WK140 ป135ร ล.1 ฉ.2 
  Barcode: 005789
ห้องสมุดวิทยาเขตสวรรค์ประชารักษ์
►หนังสือทั่วไป
บนชั้น
3. วิทยาศาสตร์การแพทย์ และสุขภาพ
วิทยาศาสตร์การแพทย์ และสุขภาพ
WK140 ป135ร ล.1 ฉ.3 
  Barcode: 005790
ห้องสมุดวิทยาเขตสวรรค์ประชารักษ์
►หนังสือทั่วไป
บนชั้น

รายการใกล้เคียง
    ผู้แต่ง [ปฏิณัฐ บูรณะทรัพย์ขจร]

BibComment


ยังไม่เคยถูกคอมเมนท์

คอมเมนท์ทรัพยากรรายการนี้
  คอมเมนท์: โรคต่อมไร้ท่อและ..


 Copyright 2026. Bcnsprnw @Library